SCP財団日本支部の評価が高い記事のメタタイトル - Statistics

General Stats
  • This quiz has been taken 39 times
    38 since last reset
  • The average score is 12 of 51
Answer Stats
番号 Answer vote % Correct
SCP-040-JP ねこですよろしくおねがいします 1343
73%
SCP-280-JP 縮小する時空間異常 2253
60%
SCP-2000-JP 伝書使 1381
53%
SCP-444-JP █████[アクセス不許可] 1251
53%
SCP-040-JP-J ねこですよろしくおねがいしません 566
53%
SCP-544-JP 孤独な放送室 918
50%
SCP-910-JP シンボル 770
40%
SCP-1000-JP 特別回収任務 589
40%
SCP-404-JP Not Found 1359
40%
SCP-240-JP 0匹のイナゴ 778
37%
SCP-161-JP 伊れない病 880
30%
SCP-062-JP 生存権 878
30%
SCP-548-JP 歌う雨音 670
30%
SCP-3000-JP 常世の国 522
30%
SCP-1970-JP 13 662
30%
SCP-488-JP 人狼 695
27%
SCP-710-JP-J 財団神拳 689
27%
SCP-100-JP 屋根裏部屋の宇宙 604
27%
SCP-006-JP あけろ 436
27%
SCP-999-JP I am No.9 442
27%
SCP-268-JP 終わらない英雄譚 739
23%
SCP-243-JP 恩人へ 642
23%
SCP-132-JP 紙魚入る 507
23%
SCP-587-JP 死体に非ず 492
23%
SCP-1045-JP お眼鏡にはかなわない 842
20%
SCP-1111-JP 国体護持 532
20%
SCP-070-JP わんわんらんどと犬ではないなにか 517
20%
SCP-1283-JP 踏切のむこう 495
20%
SCP-444-JP-J 緋色の鳥(税別:118円)よ 600
20%
SCウォオオアアアアアアアア-JP-J SCウォオオアアアアアアアア-JP-J 691
20%
SCP-1210-JP-J キメラれねぇ 757
17%
SCP-650-JP 人でなし、でく人形 659
17%
SCP-1706-JP 叩けば直してあげられる 444
17%
SCP-094-JP 海洋人間 440
17%
SCP-209-JP Safeクラスオブジェクト 500
17%
SCP-001-JP-J ぜんいん、しゅうごーう。 695
13%
SCP-1374-JP 大団円 622
13%
SCP-646-JP 過去改変協力者 469
13%
SCP-1134-JP 爆転ニギリ スシブレード 448
13%
SCP-1450-JP プロトコル・アップグルント 423
13%
SCP-2144-JP やぁ!そこの君。君だよ君。そこでこのページをぼうっと眺めてる君。ちょっとしたことなんだけど、このリンクをクリックしてくれないかな。 646
10%
SCP-1475-JP 標的はノースカロライナ 529
10%
SCP-2616-JP 雪中送炭 434
10%
SCP-374-JP 秘密結社キャッチ&リリース 512
10%
SCP-242-JP SCP-242-JPの無料体験コースをただいま実施中です。 614
10%
SCP-567-JP w2qyv.worm 552
10%
SCP-120-JP 世界で一番の宝石 557
7%
SCP-XXX-JP-J。 ミーム的時間逆行装置 486
7%
SCP-1655-JP 機密情報のためアクセス禁止 463
7%
SCP-014-JP-J 『奈落の悪鬼、黒き翼の堕天使アイスヴァイン』 418
7%
SCP-TCG-JP-J SCP-TCG-JP-Jは財団購買部にて好評発売中! 506
7%
No matching quizzes found
Score Distribution
Percent of People with Each Score
Percentile by Number Answered
Your Score History
You have not taken this quiz since the last reset